Famous People Born in April Quiz Stats

 Plays Quiz Updated Apr 27, 2018

Score 0/30 Timer 07:00
5 Plays Today
Day of birth Person % Correct
Jackie Chan
87.1%
Jay Leno
86.1%
Queen Elizabeth II of the United Kingdom
83.9%
Eddie Murphy
80.8%
Hugh Hefner
78.9%
Emma Watson
75%
William Shakespeare
72.4%
Barbra Streisand
72%
Robert Downey, Jr.
71.2%
Willie Nelson
66.7%
John Cena
65.5%
Pharrell Williams
65%
Susan Boyle
65%
Channing Tatum
64.6%
Marlon Brando
63.8%
Day of birth Person % Correct
Victoria Beckham
62.6%
Colin Powell
60.4%
Thomas Jefferson
59.7%
Sarah Michelle Gellar
57.5%
Paul Rudd
54.1%
Kirsten Dunst
52%
Vladimir Lenin
49.8%
Pope Benedict XVI
49%
Zach Braff
48.8%
Kate Hudson
46%
Marvin Gaye
45.8%
Leonardo da Vinci
41.9%
Ella Fitzgerald
40.2%
Debbie Reynolds
38.5%
Selena
29.4%

You're not logged in!

Compare scores with friends on all Sporcle quizzes.
OR
Log In

Sporcle TV

Today on Sporcle TV


Watch our educational content, quiz creation guides, and fun videos on Sporcle TV.

Show Comments

Extras

Top Quizzes Today


Score Distribution

Your Account Isn't Verified!

In order to create a playlist on Sporcle, you need to verify the email address you used during registration. Go to your Sporcle Settings to finish the process.

Report this User

Report this user for behavior that violates our Community Guidelines.

Details: